Globalization institutions,and regional development in Europe

Αποθηκεύτηκε σε:
Λεπτομέρειες βιβλιογραφικής εγγραφής
Άλλοι συγγραφείς: Thrift, N. J. (Επιμελητής έκδοσης), Amin, Ash (Επιμελητής έκδοσης)
Μορφή: Βιβλίο
Γλώσσα:English
Δημοσίευση: Oxford : Oxford University Press, 1994
Θέματα:
Ετικέτες: Προσθήκη ετικέτας
Δεν υπάρχουν, Καταχωρήστε ετικέτα πρώτοι!

MARC

LEADER 00000nam a2200000 i 4500
001 1/56316
008 960514s1994 eng d
020 |a 0-19-828897-2 
035 |l 10028002 
040 |a GR-MY-UA  |b gre  |e aacr 
041 0 |a eng 
082 0 |a 338.94 
245 1 0 |a Globalization institutions,and regional development in Europe /  |c Edited by Ash Amin, Nigel Thrift 
260 |a Oxford :   |b Oxford University Press,   |c 1994 
300 |a 268 p.;  |c 24 cm. 
504 |a Includes index 
650 0 0 |a Regional planning  |z Europe. 
700 1 |a Thrift, N. J.  |4 edt 
700 1 |a Amin, Ash.  |4 edt 
852 |a INST  |b CHIOS  |e 19960514  |h 338.94 GLO  |p 005200008425  |q 005200008425  |t BK  |y 0 
852 |a INST  |b LESVOS  |e 19990722  |h 338.94 GLO  |p 005100019807  |q 005100019807  |t BK  |y 0 
909 |a Χ  |b 042413 
909 |a Λ  |b 062799 
922 |a 1ΕΛΗ  |b 199812  |c ΚΠΣ/ΤΓ  |d LEADER 
950 |a 118-1998-10-19 
970 |a ΜΟΥΣΤΑΚΑ  |b ΠΗΝΕΛΟΠΗ  |z 1999/08/04